[Event "Baku Open 2023"]
[Site "Baku AZE"]
[Date "2023.05.07"]
[Round "4.19"]
[White "Suyarov, Mukhammadzokhid"]
[Black "Ahmadzada, Ahmad"]
[Result "0-1"]
[WhiteTitle "FM"]
[BlackTitle "IM"]
[WhiteElo "2281"]
[BlackElo "2488"]
[WhiteFideId "14210495"]
[BlackFideId "13413007"]
[EventDate "2023.05.04"]

1. d4 Nf6 2. Nc3 d5 3. Bf4 a6 4. e3 Bf5 5. Nf3 e6 6. Ne5 Nfd7 7. Bd3 Bxd3 8.
cxd3 Nxe5 9. Bxe5 Nd7 10. Bg3 c5 11. dxc5 Bxc5 12. d4 Be7 13. O-O O-O 14. Qb3
Qb6 15. Rfc1 Rfc8 16. Ne2 Qxb3 17. axb3 Nf6 18. Nc3 Rc6 19. f3 Rb6 20. Nd1 Rxb3
21. Be1 Kf8 22. Kf1 Bd6 23. h3 Nd7 24. Rc3 Rxc3 25. Bxc3 Rc8 26. Ke2 Ke7 27. e4
dxe4 28. fxe4 f5 29. e5 Bb8 30. g4 Nb6 31. gxf5 exf5 32. Ne3 Ke6 33. Ra5 Rd8 34.
h4 g6 35. Rc5 Ba7 36. Rc7 Rd7 37. Rc5 Nd5 38. Rc4 Rc7 39. Nxd5 Rxc4 40. Nf4+ Kd7
41. Kd3 Rc8 42. Bb4 Re8 43. Kc4 Rc8+ 44. Kd3 Bb8 45. e6+ Kd8 46. Ng2 a5 47. Bd2
Ke7 48. d5 Kd6 49. Nf4 Ke5 50. Ke3 a4 51. Ba5 Bd6 52. Be1 Rc4 53. Bg3 Re4+ 54.
Kf3 Rxf4+ 0-1

[Event "Baku Open 2023"]
[Site "Baku AZE"]
[Date "2023.05.07"]
[Round "4.20"]
[White "Manish Anto, Cristiano F"]
[Black "Chkhaidze, Nikoloz"]
[Result "1/2-1/2"]
[WhiteTitle "IM"]
[BlackTitle "FM"]
[WhiteElo "2485"]
[BlackElo "2253"]
[WhiteFideId "25095927"]
[BlackFideId "13601750"]
[EventDate "2023.05.04"]

1. e4 e6 2. d4 d5 3. Nc3 Nf6 4. e5 Nfd7 5. f4 c5 6. Nf3 Nc6 7. Be3 Be7 8. Be2
O-O 9. O-O f6 10. exf6 Nxf6 11. Kh1 Ne4 12. dxc5 Bxc5 13. Bxc5 Nxc5 14. g3 b6
15. Bd3 Bb7 16. Kg1 Qf6 17. Bb5 Ne7 18. Qd4 Nf5 19. Qxf6 gxf6 20. Rae1 a6 21.
Bd3 d4 22. Bxf5 dxc3 23. Bxe6+ Nxe6 24. Rxe6 cxb2 25. Rxb6 Rab8 26. Rxb2 Bd5 27.
Rxb8 Rxb8 28. a3 Rb2 29. Nd4 Ra2 30. Re1 Rxa3 31. Nf5 Kf8 32. Nd6 Rc3 33. Re8+
Kg7 34. Re7+ Kg8 35. Ra7 Rxc2 36. Nf5 Bc4 37. Ra8+ Kf7 38. Nd6+ Kg6 39. Nxc4
Rxc4 40. Rxa6 Rc2 41. Ra1 h5 42. Rf1 h4 43. Rf2 Rc1+ 44. Kg2 hxg3 45. hxg3 Kf5
46. Kh3 Rh1+ 47. Rh2 Rc1 48. Ra2 Rh1+ 49. Kg2 Rc1 50. Ra8 Rb1 51. Rg8 Ra1 52.
Rh8 Rb1 53. Rh1 Rb2+ 54. Kh3 Rb8 55. Re1 Rh8+ 56. Kg2 Kg4 57. Re6 Ra8 58. Rxf6
Ra2+ 59. Kf1 Kxg3 60. f5 Kf4 61. Rf8 Kg5 62. f6 Kg6 1/2-1/2

[Event "Baku Open 2023"]
[Site "Baku AZE"]
[Date "2023.05.07"]
[Round "4.21"]
[White "Ansat, Aldiyar"]
[Black "Makhnev, Denis"]
[Result "1-0"]
[WhiteTitle "IM"]
[BlackTitle "GM"]
[WhiteElo "2317"]
[BlackElo "2483"]
[WhiteFideId "13715658"]
[BlackFideId "13707647"]
[EventDate "2023.05.04"]

1. e4 e5 2. Nf3 Nc6 3. Bb5 a6 4. Ba4 Nf6 5. O-O Bc5 6. c3 O-O 7. d4 Ba7 8. Re1
b5 9. Bb3 d6 10. h3 h6 11. Be3 Bb7 12. Nbd2 Re8 13. dxe5 dxe5 14. Qe2 Qb8 15. a4
Bxe3 16. Qxe3 Qa7 17. Qxa7 Rxa7 18. Bc2 Raa8 19. b4 Na7 20. Nb3 Nc8 21. Nc5 Rb8
22. Nd2 Nd6 23. f4 g5 24. fxe5 Rxe5 25. Rf1 Rxc5 26. bxc5 Ndxe4 27. axb5 axb5
28. Ra7 Nxd2 29. Rxf6 Kg7 30. Rf2 Nc4 31. Re2 Kf6 32. Bb3 h5 33. Bxc4 1-0

[Event "Baku Open 2023"]
[Site "Baku AZE"]
[Date "2023.05.07"]
[Round "4.22"]
[White "Raja, Rithvik R"]
[Black "Divya, Deshmukh"]
[Result "1-0"]
[WhiteTitle "GM"]
[BlackTitle "WGM"]
[WhiteElo "2472"]
[BlackElo "2372"]
[WhiteFideId "35007394"]
[BlackFideId "35006916"]
[EventDate "2023.05.04"]

1. c4 e6 2. Nc3 Nf6 3. e4 d5 4. cxd5 exd5 5. e5 Ne4 6. Nf3 Bf5 7. d3 Nxc3 8.
bxc3 c5 9. d4 Qa5 10. Bd2 Nc6 11. c4 Qd8 12. Qa4 Be7 13. Rd1 O-O 14. Bc3 cxd4
15. Nxd4 Nxd4 16. Rxd4 Bc5 17. cxd5 Bxd4 18. Qxd4 Qb6 19. Be2 Rfd8 20. d6 Qb1+
21. Bd1 Qxa2 22. O-O Be6 23. f4 Qc4 24. Qe3 Bf5 25. Bf3 Qb3 26. g4 Rac8 27. Bd4
Qxe3+ 28. Bxe3 Bd7 29. Bxa7 Rc2 30. f5 g6 31. Bxb7 gxf5 32. gxf5 Bxf5 33. Rxf5
Rd7 34. Bd5 Rxa7 35. Rxf7 Rc1+ 36. Rf1+ 1-0

[Event "Baku Open 2023"]
[Site "Baku AZE"]
[Date "2023.05.07"]
[Round "4.23"]
[White "Beydullayeva, Govhar"]
[Black "Gareyev, Timur"]
[Result "1/2-1/2"]
[WhiteTitle "WGM"]
[BlackTitle "GM"]
[WhiteElo "2375"]
[BlackElo "2602"]
[WhiteFideId "13413015"]
[BlackFideId "14200937"]
[EventDate "2023.05.04"]

1. d4 Nf6 2. c4 g6 3. Nc3 Bg7 4. e4 d6 5. Nf3 O-O 6. Be2 e5 7. O-O h6 8. dxe5
dxe5 9. Qxd8 Rxd8 10. Nxe5 Nxe4 11. Nxe4 Bxe5 12. Bxh6 Nc6 13. Bg5 Re8 14. Bf6
Bf5 15. Bxe5 Rxe5 16. Ng3 Nd4 17. Bf3 Rae8 18. Nxf5 Rxf5 19. Rfe1 Nxf3+ 20. gxf3
Rxe1+ 21. Rxe1 Kf8 22. Kg2 Rg5+ 23. Kf1 Ra5 24. a3 Rh5 25. Kg2 Rg5+ 26. Kf1 Rh5
27. Kg2 Rg5+ 28. Kf1 Rh5 1/2-1/2

[Event "Baku Open 2023"]
[Site "Baku AZE"]
[Date "2023.05.07"]
[Round "4.24"]
[White "Sanal, Vahap"]
[Black "Heinemann, Josefine"]
[Result "1-0"]
[WhiteTitle "GM"]
[BlackTitle "WGM"]
[WhiteElo "2582"]
[BlackElo "2274"]
[WhiteFideId "6300545"]
[BlackFideId "12900460"]
[EventDate "2023.05.04"]

1. d4 Nf6 2. Nf3 d5 3. c3 c5 4. e3 Nc6 5. Nbd2 cxd4 6. exd4 Bf5 7. Bb5 a6 8.
Bxc6+ bxc6 9. Ne5 Qc8 10. Qa4 Bd7 11. Nb3 e6 12. Nc5 Bxc5 13. dxc5 O-O 14. O-O
Ne8 15. Re1 f6 16. Nxd7 Qxd7 17. Qg4 f5 18. Qd4 Nf6 19. Bf4 Rfe8 20. b4 Qf7 21.
a4 Nd7 22. Re2 Qf6 23. Rae1 Kf7 24. Bd6 g5 25. f3 Ra7 26. Be5 Nxe5 27. Rxe5 h5
28. g4 hxg4 29. fxg4 f4 30. h4 gxh4 31. Rf1 Ke7 32. Rxf4 Qg6 33. c4 Rd7 34. cxd5
Rxd5 35. Rxd5 exd5 36. b5 axb5 37. axb5 Qb1+ 38. Rf1 Qg6 39. bxc6 Qxc6 40. Rb1
Qc7 41. Rb7 1-0

[Event "Baku Open 2023"]
[Site "Baku AZE"]
[Date "2023.05.07"]
[Round "4.25"]
[White "Guliyev, Namig"]
[Black "Dixit, Nikhil"]
[Result "1-0"]
[WhiteTitle "GM"]
[BlackTitle "FM"]
[WhiteElo "2538"]
[BlackElo "2257"]
[WhiteFideId "13400363"]
[BlackFideId "5059534"]
[EventDate "2023.05.04"]

1. e4 c5 2. Nf3 Nc6 3. d4 cxd4 4. Nxd4 Nf6 5. Nc3 e5 6. Ndb5 d6 7. Bg5 a6 8. Na3
b5 9. Bxf6 gxf6 10. Nd5 Bg7 11. Bd3 Ne7 12. Nxe7 Qxe7 13. O-O O-O 14. c3 f5 15.
Nc2 Bb7 16. exf5 e4 17. Re1 d5 18. Qh5 Qd6 19. Bf1 b4 20. Nxb4 d4 21. Rad1 d3
22. Nc2 Qh6 23. Qxh6 Bxh6 24. Ne3 Rfd8 25. g3 Re8 26. Ng4 Bg5 27. f4 Be7 28. Bg2
h5 29. Ne5 Bc5+ 30. Kf1 Rad8 31. Bxe4 Bxe4 32. Rxe4 f6 33. Nd7 Rxe4 34. Nxf6+
Kf7 35. Nxe4 Be3 36. Nf2 Rb8 37. Nxd3 Kf6 38. Ke2 Ba7 39. Kf3 Kxf5 40. h3 Re8
41. g4+ hxg4+ 42. hxg4+ Kf6 43. Ne5 1-0

[Event "Baku Open 2023"]
[Site "Baku AZE"]
[Date "2023.05.07"]
[Round "4.26"]
[White "Sivuk, Vitaly"]
[Black "Mustafayev, Farid"]
[Result "1/2-1/2"]
[WhiteTitle "GM"]
[BlackTitle "FM"]
[WhiteElo "2533"]
[BlackElo "2316"]
[WhiteFideId "14116502"]
[BlackFideId "13408771"]
[EventDate "2023.05.04"]

1. c4 c5 2. Nf3 Nc6 3. Nc3 e6 4. d4 cxd4 5. Nxd4 a6 6. g3 Bc5 7. Nb3 Be7 8. Bg2
Nf6 9. O-O d6 10. Bf4 O-O 11. Rc1 e5 12. Bg5 Be6 13. Bxf6 Bxf6 14. Nd5 Bg5 15.
e3 Rc8 16. Qd2 a5 17. Qe2 a4 18. Nd2 f5 19. Bh3 Re8 20. Rfd1 e4 21. Nb1 Ne5 22.
Na3 Qa5 23. Rc3 g6 24. Qc2 Nd3 25. Rcxd3 exd3 26. Qxd3 Bxd5 27. Qxd5+ Qxd5 28.
Rxd5 Bf6 29. b3 axb3 30. axb3 Ra8 31. Nb5 Ra1+ 32. Bf1 Be7 33. Kg2 b6 34. Bd3
Re1 35. h4 Ra8 36. Kf3 Ra2 37. Nxd6 Rd1 38. Nc8 Kf8 39. Nxb6 Rdd2 40. e4 Rxf2+
41. Ke3 fxe4 42. Kxe4 Ra3 43. h5 Rxb3 44. Nd7+ Kg7 45. hxg6 hxg6 46. Ne5 Rb7 47.
Nxg6 Ba3 48. Nf4 Re7+ 49. Kf5 Bc1 50. Kg4 Bxf4 51. gxf4 Rg2+ 52. Kf3 Rd2 53. Rd6
Rh2 54. Bf5 Rc7 55. Rd4 Kf6 56. Bd7 Rc2 57. Bb5 Kf5 58. Rd5+ Ke6 59. Rh5 R7xc4
60. Bxc4+ Rxc4 61. Kg4 Kf6 62. Rh6+ Kg7 63. Rd6 Rc5 64. Kf3 Rc4 65. Rd5 Kf6 66.
Kg4 Rc6 67. Rh5 Kg6 68. f5+ Kg7 69. Kg5 Kf7 70. Rh7+ Kg8 71. Rd7 Kf8 72. Kf4 Rc5
73. Rd6 Kf7 74. Kg5 Rc1 75. Rd7+ Ke8 76. Rh7 Rc6 77. Rg7 Kf8 78. Rg6 Rc7 79. Rh6
Rg7+ 80. Kf6 Rf7+ 81. Ke5 Re7+ 82. Kf4 Rb7 83. Ra6 Rc7 84. Ra8+ Kf7 85. Kg5 Rc6
86. Ra1 Rb6 87. Rh1 Ra6 88. Rh7+ Kf8 89. Rc7 Rb6 90. Kf4 Ra6 91. Ke5 Rb6 92. f6
Rb1 1/2-1/2

[Event "Baku Open 2023"]
[Site "Baku AZE"]
[Date "2023.05.07"]
[Round "4.27"]
[White "Babazada, Khazar"]
[Black "Aradhya, Garg"]
[Result "0-1"]
[WhiteTitle "IM"]
[BlackTitle "FM"]
[WhiteElo "2474"]
[BlackElo "2305"]
[WhiteFideId "13413554"]
[BlackFideId "25006746"]
[EventDate "2023.05.04"]

1. e4 e5 2. Nf3 Nc6 3. Bc4 Nf6 4. d4 exd4 5. e5 d5 6. Bb5 Ne4 7. Nxd4 Bc5 8. Be3
Bd7 9. Bxc6 bxc6 10. O-O Qe7 11. f3 Nd6 12. Bf2 Nf5 13. c3 O-O 14. Re1 Rab8 15.
b3 Bb6 16. Nd2 c5 17. Nxf5 Bxf5 18. Nf1 Rfd8 19. Ng3 Qe6 20. Qd2 Bg6 21. Rad1 d4
22. cxd4 cxd4 23. h4 h6 24. Ne2 Qxe5 25. Bxd4 Rd5 26. Qc3 Qd6 27. Bxb6 Rxd1 28.
Be3 Rxe1+ 29. Qxe1 Re8 30. Qc1 Qe7 31. Kf2 Qxh4+ 32. Kg1 a5 33. Nf4 Qe7 34. Kf2
Qe5 35. Ne2 Bf5 36. Nc3 Qd6 37. Nb5 Qd3 38. Nd4 c5 39. Nc6 a4 40. bxa4 c4 41. a5
c3 42. Nb4 Qc4 43. a3 Bc8 44. Qd1 Qh4+ 0-1

[Event "Baku Open 2023"]
[Site "Baku AZE"]
[Date "2023.05.07"]
[Round "4.28"]
[White "Erdogmus, Yagiz Kaan"]
[Black "Valiyev, Shahin"]
[Result "1-0"]
[WhiteTitle "IM"]
[WhiteElo "2454"]
[BlackElo "2252"]
[WhiteFideId "44599790"]
[BlackFideId "13424203"]
[EventDate "2023.05.04"]

1. e4 c5 2. Nc3 d6 3. d4 cxd4 4. Qxd4 Nc6 5. Qd2 g6 6. b3 Bh6 7. f4 Nf6 8. Bb2
O-O 9. O-O-O a5 10. a4 Bd7 11. Kb1 Nb4 12. g3 d5 13. e5 Bf5 14. exf6 Bxc2+ 15.
Qxc2 Nxc2 16. Nxd5 Nb4 17. fxe7 Qc8 18. exf8=Q+ Bxf8 19. Nxb4 axb4 20. Nf3 Qc6
21. Bg2 Qe4+ 22. Ka2 b5 23. Ne1 Rxa4+ 24. bxa4 b3+ 25. Ka1 1-0

[Event "Baku Open 2023"]
[Site "Baku AZE"]
[Date "2023.05.07"]
[Round "4.29"]
[White "Dushyant, Sharma"]
[Black "Samadov, Read"]
[Result "1/2-1/2"]
[WhiteTitle "IM"]
[BlackTitle "IM"]
[WhiteElo "2355"]
[BlackElo "2469"]
[WhiteFideId "25065130"]
[BlackFideId "13417444"]
[EventDate "2023.05.04"]

1. e4 c5 2. Nf3 d6 3. d4 cxd4 4. Nxd4 Nf6 5. Nc3 a6 6. Bg5 Nbd7 7. Qe2 e6 8.
O-O-O Qc7 9. f4 b5 10. g4 b4 11. Nd5 exd5 12. exd5+ Be7 13. Nc6 Nb8 14. Nxe7
Bxg4 15. Qg2 Bxd1 16. Nf5 Bxc2 17. Qxc2 Qxc2+ 18. Kxc2 O-O 19. Rg1 Nbd7 20. Bh6
g6 21. Bxf8 Kxf8 22. Nxd6 Nb6 23. f5 Nfxd5 24. fxg6 hxg6 25. Rg3 a5 26. Nc4 Rc8
27. b3 Nxc4 28. Bxc4 Nb6 29. Kd3 Rd8+ 30. Kc2 Rd4 31. Bd3 Nd5 32. Bc4 Nb6 33.
Bd3 Nd5 34. Bc4 Ke7 35. Rd3 Rxd3 36. Kxd3 Nb6 37. Bb5 g5 38. Kd4 Kd6 39. Ke4 f6
40. Kf5 Nd5 41. Bd3 Ke7 42. Ke4 Nc3+ 43. Kd4 Nxa2 44. Kc5 Ke6 45. Kb5 Kd5 1/2-1/2

[Event "Baku Open 2023"]
[Site "Baku AZE"]
[Date "2023.05.07"]
[Round "4.30"]
[White "Garayev, Kanan"]
[Black "Urazayev, Arystanbek"]
[Result "1/2-1/2"]
[WhiteTitle "IM"]
[BlackTitle "IM"]
[WhiteElo "2346"]
[BlackElo "2460"]
[WhiteFideId "13406671"]
[BlackFideId "13709810"]
[EventDate "2023.05.04"]

1. c4 e6 2. Nf3 d5 3. g3 Nf6 4. Bg2 Be7 5. O-O O-O 6. d4 c6 7. Nc3 Nbd7 8. Nd2
b5 9. b3 bxc4 10. bxc4 Qb6 11. e3 Qa5 12. Qc2 Ba6 13. Rd1 Rab8 14. Bf1 Rfc8 15.
Nb3 Qc7 16. cxd5 cxd5 17. Bxa6 Qxc3 18. Qe2 Rc6 19. Bb2 Qb4 20. Rac1 Rxc1 21.
Rxc1 Qa4 22. Ba1 Qa3 23. Bb5 a5 24. Rc7 a4 25. Ra7 Nb6 26. Bb2 Qb4 27. Na5 a3
28. Bxa3 Qb1+ 29. Kg2 Bxa3 30. Nc6 Ra8 31. Bd3 Qb2 32. Qxb2 Bxb2 33. Rb7 Nfd7
34. a4 Rxa4 35. Ne5 Ra8 36. Nxd7 Nxd7 37. Rxd7 1/2-1/2

[Event "Baku Open 2023"]
[Site "Baku AZE"]
[Date "2023.05.07"]
[Round "4.31"]
[White "Fishchuk, Vladyslav"]
[Black "Petriashvili, Nikoloz"]
[Result "0-1"]
[WhiteTitle "FM"]
[BlackTitle "IM"]
[WhiteElo "2252"]
[BlackElo "2432"]
[WhiteFideId "34122117"]
[BlackFideId "13611216"]
[EventDate "2023.05.04"]

1. d4 Nf6 2. Nf3 e6 3. c4 b6 4. g3 Bb4+ 5. Bd2 Qe7 6. Bg2 Bb7 7. O-O Bxd2 8.
Qxd2 O-O 9. Nc3 d6 10. Qf4 Nbd7 11. e4 e5 12. dxe5 dxe5 13. Qe3 c6 14. Rad1 Rfd8
15. Rd2 Nc5 16. Rfd1 Rxd2 17. Qxd2 Re8 18. Qe3 a5 19. b3 Bc8 20. h3 g6 21. Qg5
Kg7 22. Ne1 h6 23. Qe3 Nfd7 24. Nd3 Qf6 25. Nxc5 Nxc5 26. a3 Rd8 27. b4 Rxd1+
28. Nxd1 axb4 29. axb4 Nd7 30. Qd2 Qe7 31. Nb2 c5 32. b5 Nf8 33. Na4 Qa7 34. Nc3
Ne6 35. Kh2 Nd4 36. f4 Be6 37. fxe5 Qa5 38. Qe3 Bxc4 39. Nd5 Qxb5 40. Qf4 Qc6
41. Qf6+ Qxf6 42. exf6+ Kh7 43. Nxb6 Bd3 44. Kg1 Nc6 45. Na4 c4 46. Kf2 g5 47.
g4 Kg6 48. Ke3 Kxf6 49. Nb2 Nb4 50. Kd4 Nc2+ 51. Kc3 Ke5 52. Nxd3+ cxd3 53. Bf1
Ne3 54. Bxd3 Nd1+ 55. Kd2 Nf2 56. Ke3 Nxd3 57. Kxd3 Kf4 58. Kd4 Kg3 59. Ke5 Kxh3
60. Kf5 Kg3 61. e5 Kf3 62. Kf6 Kf4 63. Kxf7 Kxe5 64. Kg6 0-1

[Event "Baku Open 2023"]
[Site "Baku AZE"]
[Date "2023.05.07"]
[Round "4.32"]
[White "Madaminov, Mukhiddin"]
[Black "Mahalakshmi, M"]
[Result "1-0"]
[WhiteTitle "IM"]
[BlackTitle "WIM"]
[WhiteElo "2436"]
[BlackElo "2210"]
[WhiteFideId "14210703"]
[BlackFideId "5001080"]
[EventDate "2023.05.04"]

1. e4 c6 2. Nc3 d5 3. Nf3 dxe4 4. Nxe4 Nf6 5. Qe2 Bf5 6. Nxf6+ gxf6 7. d4 Qd5 8.
c3 Bg4 9. h3 Bxf3 10. Qxf3 Qxf3 11. gxf3 Nd7 12. b4 e5 13. dxe5 fxe5 14. Rg1
O-O-O 15. Bc4 f6 16. Bd2 Nb6 17. Be6+ Kb8 18. O-O-O c5 19. b5 Rd6 20. Bg8 Nd5
21. Kc2 Ne7 22. Bc4 Ng6 23. Be3 Be7 24. Rxd6 Bxd6 25. Bd3 Kc7 26. a4 Rf8 27. Bh6
Re8 28. Rg4 Nf4 29. Bf5 a6 30. bxa6 bxa6 31. h4 Kb6 32. Rg7 Re7 33. Rxh7 Rxh7
34. Bxh7 Ka5 35. Bg8 Kxa4 36. Bf7 Ng2 37. Be8+ Ka5 38. Bg7 Ne1+ 39. Kd1 Nxf3 40.
Bxf6 Kb6 41. Bh5 e4 42. Bxf3 exf3 43. Bg7 Kb5 44. h5 Bf4 45. h6 Bxh6 46. Bxh6
Ka4 47. Kc2 c4 48. Kb2 a5 49. Bg5 Kb5 50. Ka3 Kc5 51. Ka4 Kb6 52. Bd8+ 1-0

[Event "Baku Open 2023"]
[Site "Baku AZE"]
[Date "2023.05.07"]
[Round "4.33"]
[White "Orujov, Farid"]
[Black "Akhvlediani, Irakli"]
[Result "1/2-1/2"]
[WhiteTitle "FM"]
[BlackTitle "FM"]
[WhiteElo "2225"]
[BlackElo "2421"]
[WhiteFideId "13423533"]
[BlackFideId "13601938"]
[EventDate "2023.05.04"]

1. e4 c5 2. Nf3 d6 3. d4 cxd4 4. Nxd4 Nf6 5. Nc3 a6 6. h3 e6 7. g4 h6 8. f4 Be7
9. Bg2 Nfd7 10. O-O Nc6 11. Nb3 b5 12. Be3 Bb7 13. Qd2 Nb6 14. Bxb6 Qxb6+ 15.
Qf2 Qxf2+ 16. Rxf2 g5 17. e5 dxe5 18. fxe5 Rb8 19. Re2 h5 20. gxh5 Rxh5 21. Ne4
Rh4 22. Nf2 Nd4 23. Nxd4 Rxd4 24. Nd3 Bxg2 25. Kxg2 g4 26. hxg4 Rxg4+ 27. Kf3
Rh4 28. Rg1 Rh3+ 29. Kg2 Rh5 30. Kf1 Rf5+ 31. Rf2 Rxf2+ 32. Kxf2 Rc8 33. Rg8+
Bf8 34. c3 Rc4 35. Kf3 Ke7 1/2-1/2

[Event "Baku Open 2023"]
[Site "Baku AZE"]
[Date "2023.05.07"]
[Round "4.34"]
[White "Kilic, Eray"]
[Black "Ismayil, Malak"]
[Result "1/2-1/2"]
[WhiteTitle "FM"]
[BlackTitle "WFM"]
[WhiteElo "2418"]
[BlackElo "2115"]
[WhiteFideId "44517173"]
[BlackFideId "13412604"]
[EventDate "2023.05.04"]

1. d4 Nf6 2. Nc3 d5 3. Bf4 e6 4. Nb5 Na6 5. e3 Bb4+ 6. c3 Be7 7. a4 O-O 8. Bd3
c6 9. Na3 Bd6 10. Bg3 Nc7 11. Nf3 b6 12. Ne5 Bb7 13. Nb1 Bxe5 14. Bxe5 Nd7 15.
Bd6 Re8 16. Nd2 e5 17. dxe5 Nxe5 18. Bxh7+ Kxh7 19. Qh5+ Kg8 20. Bxe5 Ba6 21.
Nf3 Ne6 22. b4 Bc4 23. Bg3 f6 24. Qg6 a5 25. Nd2 axb4 26. Nxc4 dxc4 27. cxb4 Qe7
28. O-O Qxb4 29. h4 Qc5 30. Rfd1 Red8 31. h5 Nf8 32. Qg4 c3 33. Rdc1 Rd2 34. h6
g6 35. Qf4 Kf7 36. Qc7+ Rd7 37. Qf4 Ne6 38. Qf3 Ng5 39. Qg4 Rd2 40. Bh4 Ne6 41.
Qf3 f5 42. g4 f4 43. Kg2 g5 44. Bg3 Qxe3 45. Qxe3 fxe3 46. Rxc3 e2 47. Re1 c5
48. Be5 Kg6 49. Rb3 Ra6 50. Rf3 Nf4+ 51. Bxf4 gxf4 52. Rxf4 Kxh6 53. Re4 Ra2 54.
Re6+ Kg7 55. Kg3 R6xa4 56. Rxb6 Rd4 57. f3 Rd3 58. Rc6 Raa3 59. Rxe2 Rxf3+ 60.
Kh4 Rac3 61. Kg5 c4 62. Re7+ Rf7 63. Re8 Rd7 64. Rg6+ Kf7 65. Reg8 Rd5+ 66. Kf4
Rcd3 67. R6g7+ Ke6 68. Re8+ Kf6 69. Rc7 R5d4+ 70. Re4 Rxe4+ 71. Kxe4 Rd1 72.
Rxc4 Kg5 73. Kf3 Rd3+ 74. Ke2 Rg3 75. Kf2 Rxg4 76. Rxg4+ Kxg4 1/2-1/2

[Event "Baku Open 2023"]
[Site "Baku AZE"]
[Date "2023.05.07"]
[Round "4.35"]
[White "Shahaliyev, Ismayil"]
[Black "Aydin, Gulenay"]
[Result "1/2-1/2"]
[WhiteTitle "IM"]
[BlackTitle "WFM"]
[WhiteElo "2400"]
[BlackElo "2001"]
[WhiteFideId "13406388"]
[BlackFideId "34557431"]
[EventDate "2023.05.04"]

1. d4 Nf6 2. c4 g6 3. Nc3 Bg7 4. e4 d6 5. Be2 O-O 6. Bg5 Na6 7. Qd2 c6 8. Rd1
Nc7 9. Qc2 Qe8 10. Nf3 e5 11. d5 c5 12. O-O h6 13. Bc1 Nh5 14. Ne1 Nf4 15. Bf3
f5 16. exf5 Bxf5 17. Be4 Qd7 18. Nd3 Bxe4 19. Nxe4 b5 20. b3 b4 21. f3 Nxd3 22.
Qxd3 g5 23. g4 Rf7 24. Kg2 Raf8 25. Rf2 Ne8 26. Ng3 Nf6 27. h3 Nh7 28. Rh1 Nf6
29. Qg6 Nh7 30. h4 e4 31. Nxe4 Rxf3 32. Rxf3 Qxg4+ 33. Rg3 Qe2+ 34. Kh3 Nf6 35.
Nxg5 hxg5 36. Qxg5 Nh5 37. Rhg1 Nxg3 38. Rxg3 Qf1+ 39. Rg2 Qh1+ 40. Kg3 Kh8 41.
Bf4 Rg8 42. Rh2 Qd1 43. Rd2 Qh1 44. Rh2 Qd1 45. Kh3 Bf8 46. Qf6+ Bg7 47. Qg5 Bf8
48. Qf6+ Bg7 49. Qg5 1/2-1/2

[Event "Baku Open 2023"]
[Site "Baku AZE"]
[Date "2023.05.07"]
[Round "4.36"]
[White "Srija, Seshadri"]
[Black "Manafov, Vugar"]
[Result "0-1"]
[WhiteTitle "WGM"]
[BlackTitle "FM"]
[WhiteElo "2199"]
[BlackElo "2399"]
[WhiteFideId "5055903"]
[BlackFideId "13410814"]
[EventDate "2023.05.04"]

1. e4 c5 2. Nf3 e6 3. d4 cxd4 4. Nxd4 a6 5. c4 Nf6 6. Nc3 Qc7 7. a3 b6 8. f4 Bb7
9. Bd3 d6 10. O-O Be7 11. Bd2 O-O 12. Rc1 Nbd7 13. b4 Rfe8 14. Qe2 Bf8 15. Nb3
g6 16. g4 Rac8 17. g5 Nh5 18. Qf2 e5 19. f5 Nf4 20. Bxf4 exf4 21. Nd5 Bxd5 22.
cxd5 Qb7 23. Qxf4 Ne5 24. Be2 gxf5 25. Qxf5 Rxc1 26. Rxc1 Ng6 27. Rf1 Re5 28.
Qf3 Qe7 29. Nd2 Bg7 30. Kh1 b5 31. a4 bxa4 32. Bxa6 Rxg5 33. b5 Bd4 34. Bc8 Ne5
35. Qh3 Nc4 36. Bf5 Nxd2 37. Rc1 h5 38. Qd3 Nb3 39. Rf1 Qe5 40. Qc2 Qf4 41. Qe2
Qxf1+ 42. Qxf1 Rg1+ 43. Qxg1+ Bxg1 44. e5 Bb6 45. exd6 Nd2 0-1

[Event "Baku Open 2023"]
[Site "Baku AZE"]
[Date "2023.05.07"]
[Round "4.37"]
[White "Abdulla, Khayala"]
[Black "Kushko, Dmitriy"]
[Result "0-1"]
[WhiteTitle "WGM"]
[WhiteElo "2213"]
[BlackElo "2379"]
[WhiteFideId "13401807"]
[BlackFideId "14162261"]
[EventDate "2023.05.04"]

1. e4 Nf6 2. Nc3 d5 3. e5 d4 4. exf6 dxc3 5. bxc3 exf6 6. d4 Bd6 7. Bd3 O-O 8.
Ne2 f5 9. O-O g6 10. Be3 Nd7 11. Qd2 c5 12. Bg5 Nf6 13. f3 Be6 14. Nf4 Qc7 15.
g3 Nd5 16. Nxd5 Bxd5 17. c4 Be6 18. d5 Bd7 19. f4 f6 20. Bh6 Rf7 21. Rae1 Re8
22. Qc3 Qd8 23. h4 Rxe1 24. Rxe1 Re7 25. Rb1 b6 26. Kg2 Kf7 27. Rh1 Re8 28. h5
Rg8 29. hxg6+ hxg6 30. Rf1 Rh8 31. Rh1 Rh7 32. Qa3 a5 33. Qb2 Bc7 34. Rh4 Qg8
35. Qa1 Bd8 36. Be2 Qe8 37. Bf3 Qe3 38. Qd1 Rh8 39. d6 Be6 40. Bd5 Qd4 41. Qxd4
cxd4 42. Kf2 Bxd5 43. cxd5 Re8 44. Rh1 b5 45. Re1 Rh8 46. d7 Be7 47. Kf3 Rd8 48.
g4 fxg4+ 49. Ke4 Bc5 50. Rb1 b4 51. f5 g5 52. Rg1 d3 53. Rc1 Rxd7 54. c4 Re7+
55. Kxd3 g3 0-1

[Event "Baku Open 2023"]
[Site "Baku AZE"]
[Date "2023.05.07"]
[Round "4.38"]
[White "Kairbekova, Amina"]
[Black "Begmuratov, Khumoyun"]
[Result "0-1"]
[WhiteTitle "WIM"]
[BlackTitle "FM"]
[WhiteElo "2157"]
[BlackElo "2400"]
[WhiteFideId "13712799"]
[BlackFideId "14210207"]
[EventDate "2023.05.04"]

1. d4 Nf6 2. c4 e6 3. Nc3 Bb4 4. e3 O-O 5. Bd2 Re8 6. Nf3 d5 7. Rc1 Nbd7 8. Bd3
a6 9. O-O dxc4 10. Bxc4 b5 11. Bd3 Bb7 12. a3 Bf8 13. e4 e5 14. dxe5 Nxe5 15.
Nxe5 Rxe5 16. Bf4 Re8 17. Qf3 c5 18. Rfd1 Qb6 19. Be3 Qe6 20. Nd5 Rac8 21. Nxf6+
Qxf6 22. Qxf6 gxf6 23. a4 c4 24. Be2 Bxe4 25. Bd4 Bh6 26. Rc3 Bg6 27. Bf1 Rcd8
28. axb5 axb5 29. Rh3 Bg7 30. Re3 Re6 31. Rxe6 fxe6 32. Be2 Kf7 33. f4 b4 34.
Kf2 c3 35. bxc3 b3 36. f5 Bxf5 0-1

[Event "Baku Open 2023"]
[Site "Baku AZE"]
[Date "2023.05.07"]
[Round "4.39"]
[White "Nurgali, Nazerke"]
[Black "Padmini, Rout"]
[Result "1/2-1/2"]
[WhiteTitle "WIM"]
[BlackTitle "IM"]
[WhiteElo "2150"]
[BlackElo "2388"]
[WhiteFideId "13711261"]
[BlackFideId "5029295"]
[EventDate "2023.05.04"]

1. d4 Nf6 2. Nf3 g6 3. c4 Bg7 4. Nc3 d5 5. h3 O-O 6. cxd5 Nxd5 7. e4 Nxc3 8.
bxc3 c5 9. Be2 Qa5 10. Bd2 Bd7 11. O-O Nc6 12. Rb1 Qc7 13. Qc1 b6 14. Bh6 e5 15.
dxc5 Na5 16. Bxg7 Kxg7 17. cxb6 axb6 18. Qe3 Rfb8 19. Rb2 Be6 20. Nd2 Nc4 21.
Nxc4 Bxc4 22. Bxc4 Qxc4 23. Rfb1 Rxa2 24. Rxa2 Qxa2 25. Rxb6 Rxb6 26. Qxb6 Qa1+
27. Kh2 Qxc3 28. Qb5 Qd4 29. Qe2 h5 30. h4 1/2-1/2